Computer concepts and programming in C (Record no. 5481)

MARC details
000 -LEADER
fixed length control field 00369nam a2200133Ia 4500
008 - FIXED-LENGTH DATA ELEMENTS--GENERAL INFORMATION
fixed length control field 150201s2012 xx 000 0 und d
082 ## - DEWEY DECIMAL CLASSIFICATION NUMBER
Classification number 5.262
Item number BAL
100 ## - MAIN ENTRY--PERSONAL NAME
Personal name Balagurusamy,E
245 ## - TITLE STATEMENT
Title Computer concepts and programming in C
250 ## - EDITION STATEMENT
Edition statement 3rd Ed.
260 ## - PUBLICATION, DISTRIBUTION, ETC. (IMPRINT)
Name of publisher, distributor, etc. Tata McGraw Hill Education Private Limited
Place of publication, distribution, etc. New Delhi
Date of publication, distribution, etc. 2012
300 ## - PHYSICAL DESCRIPTION
Extent 342p.
942 ## - ADDED ENTRY ELEMENTS (KOHA)
Source of classification or shelving scheme Dewey Decimal Classification
Koha item type Books
Koha issues (borrowed), all copies 44
Holdings
Withdrawn status Lost status Source of classification or shelving scheme Damaged status Not for loan Home library Current library Date acquired SGTU Total Checkouts Full call number Barcode Date last seen Date last checked out Bill Date Koha item type Total Renewals
    Dewey Decimal Classification     SGT Engineering Library SGT Engineering Library 06/09/2012 SGTU 16 5.262 BAL FE5456 20/03/2025 20/03/2025 09/02/2015 Books  
    Dewey Decimal Classification     SGT Engineering Library SGT Engineering Library 06/09/2012 SGTU 20 5.262 BAL FE5457 17/11/2025 17/11/2025 09/02/2015 Books  
    Dewey Decimal Classification     SGT Engineering Library SGT Engineering Library 06/09/2012 SGTU 14 5.262 BAL FE5458 16/01/2025 07/01/2025 09/02/2015 Books  
    Dewey Decimal Classification     SGT Engineering Library SGT Engineering Library 06/09/2012 SGTU 21 5.262 BAL FE5459 05/12/2025 05/12/2025 09/02/2015 Books 1